[Event "KasparovChess GP g/60"]
[Site "Internet"]
[Date "2000.02.15"]
[Round "2.2"]
[White "Morozevich, Alexander"]
[Black "Piket, Jeroen"]
[Result "1/2-1/2"]
[WhiteElo "2748"]
[BlackElo "2633"]
[Annotator "Mikhalevski,V"]
[PlyCount "77"]
[EventDate "2000.02.09"]
[EventType "k.o."]
[EventRounds "4"]
[EventCountry "NET"]
[SourceTitle "CBM 076"]
[Source "ChessBase"]
[SourceDate "2000.05.31"]
[SourceVersion "1"]
[SourceVersionDate "2000.05.31"]
[SourceQuality "1"]

{Shipov:"The game leaves a strange feeling.White got an advantage but didn't
dare for an active play connected with g3 and f4."} 1. e4 e5 2. Nf3 Nc6 3. d4
exd4 4. Nxd4 Bc5 5. Nxc6 Qf6 6. Qd2 bxc6 (6... dxc6 {is much more common in
this position.}) 7. Nc3 d6 8. Na4 Bb6 9. Bd3 Ne7 10. O-O O-O 11. Rb1 $5 {
[%cal Gb2b3] In russian magazine "64 Chess review" we can read "This move was
proposed by Garry in Wijk aan Zee during a breakfast on the next day after the
game Morozevich-Short which continued 11.c3...( You'll find the game below M.V.
) and Black got a good play(maybe for Garry it was lunch,but breakfast for
Alexander).The idea is to prepare development of the bishop on c1,leaving the
c pawn on its initial position"} (11. c3 Qg6 12. Re1 Bh3 13. Bf1 Be6 14. c4 {
That's why Garry proposed 11.Rb1.Now White loses a tempo for c2-c3-c4 while
after Rb1 c4 can be played in one move.} c5 15. b3 f5 16. e5 dxe5 17. Ba3 Rad8
18. Qc3 Nc6 19. Bxc5 Rfe8 20. Rad1 Rxd1 21. Rxd1 f4 22. Re1 Bf5 23. b4 h5 24.
f3 Bxc5+ 25. Nxc5 Nd4 26. Nb3 Kh7 27. c5 Qg5 28. Nxd4 exd4 $15 {1/2-1/2
Morozevich,A-Short,N/Wijk aan Zee NED 2000/CBM 75[Mkhalevski,V] (39)}) (11.
Nxb6 axb6 12. f4 Ng6 13. Qf2 c5 14. a3 Ba6 15. Bxa6 Rxa6 16. Rb1 Re8 17. Re1
Ra4 18. b4 cxb4 19. axb4 Ra2 20. Rb3 Qe7 21. Bb2 f5 22. g3 fxe4 23. Qd4 {
[%cal Ge1e4]} Qf7 24. Rxe4 Rxe4 25. Qxe4 Ne7 26. b5 $14 {1-0 Pecnik,L-Markic,M/
Porec 1998/EXT 99 (46)}) 11... Qg6 {[%cal Gc8h3]} 12. Re1 Bh3 13. Bf1 Bd7 {
[%cal Gc6c5]} 14. b3 ({Shipov gives} 14. b4 $5 c5 $140 15. Nxc5 $5 {[%cal
Gd2d7]} {I would like to continue a little bit:} Bc6 {[%csl Re4]} 16. b5 (16.
Nd3 $5 Bxe4 17. Nf4 Qf5 18. Nh5 $5 {[%cal Gh5g3]} (18. h3 {[%cal Gg2g4]} d5 {
[%cal Gd5e4]})) 16... Bxc5 17. bxc6 Nxc6) 14... Rad8 ({Immediate} 14... c5 {
deserved some attention as after exchange on b6 and ab rook from a8 attacks
the a2-pawn winning a tempo.}) 15. Bb2 c5 16. Re3 {[%csl Rg7][%cal Ge3g3]} f6 (
{An attempt to pin White's rook allows simple,but nice tactical blow:} 16...
Qg5 $2 17. Nxb6 (17. Rg3 $5 {[%csl Rg7]}) 17... axb6 18. Rg3 $1 {[%csl Rg7]
[%mdl 64]} Qxd2 19. Rxg7+ Kh8 20. Rxf7+ Qd4 (20... Kg8 21. Rg7+ Kh8 22. Rxe7+
Kg8 (22... Qd4) 23. Rg7+ Kh8 24. Rxd7+ $18) 21. Bxd4+ cxd4 22. Rxe7 $18) 17.
Nxb6 axb6 18. c4 $6 {Inaccuracy.White misses a strong manoeuvre directed
against the main White's plan connected with f4 and e5.} ({White could also
refrain from c4 playing} 18. Bc4+ $5 Kh8 19. Rbe1 {[%cal Ge3g3,Gf2f4,Ge4e5]
White shouldn't be afraid of b5.} (19. Rg3 Qxe4 $140 $2 (19... Qh5 $142 20. Re1
(20. a4 Nc6 21. Bd5 Nb4)) 20. Re1 {[%csl Re7]}) (19. f4 $5 $14) 19... Nc6 20.
f4 $14) (18. Rg3 $5 {seems to be the right move.White keeps all the options
open and prevents Qh6.} Qf7 19. Re1) 18... Qh6 $1 {[%csl Re4][%cal Ge7g6,Gd7c6,
Gd8e8,Ge8e7,Gf8e8][%mdl 32] Black prevents f4 and Rg3 and frees the g6 square
for his knight.Maybe White should start from Rg3 avoiding this move?!} 19. Rd1
Rde8 20. Bc3 {[%cal Gd2b2]} Bc6 21. Qb2 Ng6 {[%csl Gf4][%cal Gc6e4,Ge8e4]} 22.
Rde1 Re7 {[%cal Gf8e8] White has lost his chance to advance central pawns
while Black has regrouped his forces nicely:his rooks and bishop attack a pawn
on e4,queen and knight prevent f4.} 23. Bd2 Qh5 24. Be2 Qe5 25. Bc3 Qe6 26. Bf1
Rfe8 27. Qd2 Qf7 (27... Qc8 $5 {[%csl Re4][%cal Gc8a8]}) 28. f3 Kf8 29. Qf2 (
29. g3 $5) 29... Bb7 30. Bd3 {[%cal Gf3f4] Right plan but wrong execution.} (
30. g3 $5 {[%cal Gf1g2,Gf3f4] covering the f4-square was more accurate.} Ne5
$140 31. h3 {[%csl Gg4][%cal Gf3f4]}) 30... Nf4 31. Bc2 Qg6 32. Qg3 (32. Kh1 {
could be the last attempt to fight for an advantage.}) 32... Qxg3 33. hxg3 Ne6
{[%cal Ge6d4] Now White has no chances to break through.} 34. Rd1 Ng5 {[%cal
Gf6f5] Putting additional pressure on the e4-pawn and making advance f3-f4
impossible.} 35. g4 h6 36. Kf2 Ne6 37. Ree1 Kf7 38. Rd2 Nd8 39. Bd3 {And in
this position of dinamic equality the draw was agreed.} 1/2-1/2

[Event "Pamplona 9798 8th"]
[Site "Pamplona"]
[Date "1997.12.30"]
[Round "3"]
[White "Granda Zuniga, Julio E"]
[Black "Strikovic, Aleksa"]
[Result "1/2-1/2"]
[WhiteElo "2625"]
[BlackElo "2560"]
[Annotator "Mikhalevski,V"]
[PlyCount "99"]
[EventDate "1997.12.28"]
[EventType "tourn"]
[EventRounds "9"]
[EventCountry "ESP"]
[EventCategory "13"]
[SourceTitle "CBM 063"]
[Source "ChessBase"]
[SourceDate "1998.03.26"]
[SourceVersion "1"]
[SourceVersionDate "1998.03.26"]
[SourceQuality "1"]

1. e4 e5 2. Nf3 Nc6 3. d4 exd4 4. Nxd4 Bc5 5. Be3 Qf6 6. c3 Nge7 7. Bc4 O-O 8.
O-O a6 (8... Bb6) (8... Qg6) 9. Nc2 (9. Kh1 b5 (9... Ne5 10. Be2 d6 11. c4 Bd7
12. Nc3 Rae8 13. Qd2 h6 14. Rae1 Ng4 15. Bxg4 Bxg4 16. f3 Bc8 17. Nc2 Bxe3 18.
Nxe3 Be6 19. Ncd5 Bxd5 20. Nxd5 Nxd5 21. cxd5 Qe5 22. g4 h5 23. Rg1 hxg4 24.
Rxg4 g6 25. Qh6 Qh8 26. Qxh8+ Kxh8 27. Rc1 Re7 {1/2-1/2 Hablizel,F-Ziese,G/
Dresden op 1992}) (9... Ba7 10. f4 d6 11. Na3 Nxd4 12. Bxd4 Bxd4 13. cxd4 d5
14. e5 Qg6 15. Bd3 Bf5 16. Bxf5 Nxf5 17. Nc2 h5 18. Qd3 Rfe8 19. Rad1 Re6 20.
Ne3 Nxe3 21. Qxe3 Qf5 22. h3 Rae8 23. Kh2 c6 24. Qd3 Qxd3 25. Rxd3 R6e7 26. Rg3
Kh7 27. Rg5 Kh6 28. g4 hxg4 29. Rxg4 Kh7 30. Rfg1 g6 31. f5 c5 32. e6 fxe6 33.
f6 Rf7 34. Rh4+ {1-0 Watson,W-Zude,A/BL2-W 1992}) 10. Be2 (10. Bb3 Na5 (10...
Bb7 11. Nxb5 $6 Bxe3 12. fxe3 Qe5 13. Nd4 Qxe4 14. Nd2 Qxe3 15. Rf3 Qe5 16.
Rxf7 Kh8 17. N2f3 Qc5 $15 18. Nxc6 Rxf7 19. Bxf7 Bxc6 20. Bb3 Rf8 21. Qd4 Qb5
22. Qe5 Bxf3 23. Qxe7 Qf5 24. gxf3 Qxf3+ {1/2-1/2 Grosar,A-Sorokin,M/Ljubljana
op 1992}) 11. Nxb5 (11. Bc2 Nc4 $11 {Hjartarson}) 11... Nxb3 12. axb3 Bxe3 13.
fxe3 Qc6 14. Nd4 Qxe4 15. Nd2 Qg6 16. Rf3 c5 17. Rg3 Qf6 18. Rf3 Qg6 19. Ne2 d5
20. Nf4 Qh6 21. Rf1 Bb7 22. Qg4 Rad8 23. Ra5 Qd6 24. Nh5 Ng6 25. Ng3 d4 26. Nc4
Qc6 27. e4 dxc3 28. bxc3 f5 29. Rxf5 Rxf5 30. Nxf5 Qxe4 31. h3 Qe1+ 32. Kh2 Rd1
33. Nfe3 Qg1+ {1/2-1/2 Zapata,A-Van Riemsdijk,H/Guarapuava op 1992}) 10... Ba7
11. f4 d6 12. Bf3 $14 Bb7 13. Na3 Rfe8 14. Nac2 Qg6 15. Nxc6 Nxc6 16. Bxa7 Rxa7
17. Qd3 Raa8 18. Rae1 Rad8 19. Ne3 Na5 20. f5 Qg5 21. Qc2 Bc6 22. b3 Nb7 23. b4
Qh4 24. g3 Qg5 25. Bg2 Re5 26. Rf4 Rde8 27. Qb1 Qd8 28. Ng4 R5e7 29. f6 Re6 30.
fxg7 d5 31. Ref1 h5 32. Nf6+ Kxg7 33. exd5 Rxf6 34. Rxf6 Bxd5 35. Rxf7+ Bxf7 {
1/2-1/2 Galiano,A-Saenz,D/ESP-chT 1993}) (9. f4 d6 10. b4 (10. Kh1 Ba7 (10...
b5 11. e5 dxe5 12. fxe5 Qxe5 13. Bf4 Qe4 14. Bd3 Qd5 15. Nd2 Bxd4 16. Be4 Qd8
17. cxd4 Bf5 18. Bg5 Bxe4 19. Nxe4 Qd5 20. Re1 f6 21. Bf4 {1/2-1/2 Handoko,
E-Tunasly,K/Pools schev 1997}) 11. Na3 Nxd4 12. Bxd4 Bxd4 13. cxd4 d5 14. e5
Qg6 15. Bd3 Bf5 16. Bxf5 Nxf5 17. Qd2 c6 18. Rac1 Rae8 19. Rf3 f6 20. Rcf1 fxe5
21. fxe5 Nh4 22. Rxf8+ Rxf8 23. Rxf8+ Kxf8 24. Qf2+ Nf5 25. Nb1 Qg5 26. Nd2 Ke8
27. g3 Qg4 28. Qf3 h5 29. Qxg4 hxg4 30. Nb3 b6 31. h3 gxh3 32. Kh2 Ne3 33. Kxh3
Kf7 34. Nc1 g5 {Schmitzer,K-Zude,A/Hessen-ch 1992/0-1 (50)}) 10... Bb6 11. Na3
Be6 12. Be2 d5 13. e5 Qg6 14. Bh5 Qe4 15. Qd2 Nxd4 16. cxd4 Nc6 17. Nc2 Bf5 18.
Rac1 Qd3 19. Qf2 Qb5 20. a3 Bxc2 21. Rxc2 Qd3 22. Ra1 a5 23. Rd1 Qb3 24. Qd2
axb4 25. axb4 Ra3 26. Rb2 Qc3 27. Qxc3 Rxc3 28. Bf3 {0-1 Pokorna,R-Sorokina,A/
EU-chJW U12 1992}) (9. Bb3 d6 10. Nxc6 Nxc6 11. Bxc5 dxc5 12. f4 Na5 13. e5 Qh4
14. Nd2 Nxb3 15. Nxb3 b6 16. Qf3 Bf5 17. Qc6 Qe7 18. Rfd1 Rad8 19. Rd2 Rxd2 20.
Nxd2 Rd8 21. Nc4 Qd7 22. Qxd7 Rxd7 23. Ne3 Be4 24. Rd1 Rxd1+ 25. Nxd1 Kf8 26.
Kf2 Ke7 27. h4 h5 28. Ne3 g6 29. g4 hxg4 30. Kg3 f5 31. exf6+ Kxf6 32. Kxg4 b5
33. h5 gxh5+ 34. Kxh5 c6 35. Kg4 a5 36. f5 a4 37. a3 c4 38. Kf4 Bd3 39. Ng4+
Ke7 40. Ke5 Bf1 41. f6+ Kf8 42. Ne3 Be2 43. Kd6 Bf3 44. Nf5 Kf7 45. Ke5 Bg2 46.
Nd6+ Kf8 47. Kf5 Bh3+ 48. Kg6 Bf1 49. f7 Bg2 50. Nb7 Bd5 51. Nd8 c5 52. Kf6 b4
53. Ne6+ Bxe6 54. Kxe6 b3 55. Kd5 Kxf7 56. Kxc5 {1-0 Mathe,A-Trinh,V/Le
Touquet op 1992}) (9. a4 Bxd4 (9... Ne5 10. Be2 Qg6 11. Nd2 d5 12. Bh5 Qd6 13.
f4 N5c6 14. Kh1 Bxd4 15. cxd4 dxe4 16. Nxe4 Qe6 17. Qf3 Nf5 18. d5 Qxd5 19.
Nf6+ gxf6 20. Qxd5 Nxe3 21. Qb3 Nxf1 22. Rxf1 Ne7 23. Re1 Ng6 24. g3 Kg7 25.
Bf3 Rb8 26. Qc2 c6 27. h4 Rd8 28. Qe4 f5 29. Qe3 Be6 30. h5 Nf8 31. Qe5+ f6 32.
Qc7+ Kg8 33. h6 Bf7 34. Re7 Ne6 35. Rxe6 {1-0 Voigt,U-Hoy,B/DLM 1994}) 10. cxd4
d5 11. exd5 Nb4 12. Nc3 a5 13. Rc1 Bf5 14. Qd2 Qg6 15. Bf4 c6 16. dxc6 bxc6 17.
Rfe1 Ned5 18. Bg3 Bd3 19. Bb3 h6 20. Re5 Rfd8 21. h3 Ra7 22. Rce1 Rad7 23. Kh2
Kh7 24. Nxd5 cxd5 25. Bh4 f6 26. R5e3 Be4 27. f3 Bc2 28. R1e2 Bxb3 29. Rxb3 Rc8
30. Rc3 Rc4 31. b3 Rxc3 32. Qxc3 Qd3 33. Qxd3+ Nxd3 {Senador,E-Van Riemsdijk,H/
Manila olm 1992/1/2-1/2 (46)}) (9. Nxc6 Qxc6 10. Bxc5 Qxc5 11. Bb3 d6 12. Kh1
Qc6 13. Nd2 Ng6 14. Bd5 Qd7 15. Nc4 Nf4 16. Qf3 Nxd5 17. exd5 b5 18. Na5 Re8
19. Rfe1 h6 20. Qg3 Rxe1+ 21. Rxe1 Qf5 22. Nc6 Qh5 23. Re8+ Kh7 24. Qe3 Qxd5
25. Nd4 Bb7 26. Nf3 Rxe8 27. Qxe8 Qd1+ 28. Ne1 Qd5 29. Qe7 Qxa2 30. Qxc7 Qb1
31. Qe7 Be4 32. h3 Qxe1+ 33. Kh2 Qe2 34. Qe8 f5 35. Qe6 Qxf2 {0-1 Krupala,
L-Zacek,S/CZE-chJM U14 1993}) (9. b4 Ba7 10. Qd2 d6 11. Na3 Be6 12. Be2 Qg6 13.
f4 f5 14. Nxf5 Nxf5 15. Bxa7 Nxa7 16. exf5 Qxf5 17. Nc2 Nc6 18. Ne3 Qf7 19. f5
Bd7 20. Bc4 d5 21. Bxd5 Be6 22. Bxe6 {1-0 Brandt,S-Klinger,S/GER-chJT 1995})
9... Bxe3 10. Nxe3 d6 (10... Ne5 11. Bb3 Qb6 12. Na3 d6 13. Qd4 Qa5 14. Nac4
Nxc4 15. Nxc4 Qb5 16. f4 Nc6 17. Qf2 Be6 18. Na3 Qh5 19. Bd1 Bg4 20. Bxg4 Qxg4
21. h3 Qh5 22. Nc2 Rfe8 23. Rae1 f6 24. Nd4 Qc5 25. Nxc6 Qxc6 26. e5 fxe5 27.
fxe5 {1/2-1/2 Salzmann,J-Faust,M/Dortmund op-A 1993}) 11. f4 (11. Nd2 Qg6 12.
f4 Qh6 13. Qe2 Re8 14. Rf3 Be6 15. Bd3 d5 16. Raf1 d4 17. f5 Bxa2 18. Ng4 Qg5
19. Rg3 Nc8 20. Nf3 Qd8 21. f6 g6 22. Nh6+ Kh8 23. c4 Rf8 24. Ng5 Ne5 25. Rh3
Nd6 26. Nxh7 Re8 27. Ng5 Qd7 28. Nhxf7+ {1-0 Rezek,A-Aydin,H/WchJW-U16 1995})
11... Be6 (11... Qh6 12. Qf3 Kh8 13. Nd2 Be6 14. Rae1 f5 15. exf5 Bxc4 16.
Ndxc4 Nxf5 17. Nd5 Rf7 18. Qe4 Raf8 19. Nxc7 Re7 20. Qd3 b5 21. Rxe7 Nfxe7 22.
Nxd6 Rxf4 23. Nf7+ {1-0 Vukovic,Z-Radovanovic,J/JUG-ch 1992}) 12. Be2 (12. Bd3
Qh6 13. c4 f5 14. exf5 Nxf5 15. Bxf5 Bxf5 16. Nc3 Ne7 17. Qd2 Be6 {1/2-1/2
Morozevich,A-Shevelev,S/Hyeres op 1992}) 12... Qh6 13. g4 f6 14. c4 (14. Nd5
Bxd5 (14... Rac8 $2 15. Nxc7 $1) 15. exd5 Nd8 $132) 14... g5 $1 {[%csl Re5]}
15. f5 (15. Nd5 Bxd5 16. exd5 (16. cxd5 Nd8 17. Qc1 Rc8) 16... Nd8 17. Qd2 Ng6)
15... Bf7 $15 16. Nc3 Rfe8 17. Rf2 Rad8 18. b3 Ne5 19. Bf1 c6 20. Rd2 Nc8 21.
Bg2 Qf8 22. a4 a5 23. Qc2 h5 $1 24. gxh5 Bxh5 25. Nf1 Qh6 26. Ng3 Bg4 27. Nd1
Rd7 28. Qc3 Rh7 29. Nf1 Qh5 30. Nf2 Bf3 (30... b6) 31. Re1 g4 (31... b6) 32.
Nh1 Bxg2 33. Rxg2 Kf7 34. Nhg3 Qg5 35. Nd2 Reh8 36. Re3 Nb6 37. Ngf1 Nbd7 38.
Reg3 (38. Qxa5 $2 Rxh2 $1 39. Rxh2 Nf3+ 40. Nxf3 gxf3+ 41. Kf2 Rxh2+ 42. Nxh2
Qg2+ 43. Ke1 f2+ 44. Kd1 Qxh2 $19) 38... b6 39. b4 $1 axb4 40. Qxb4 Ke7 41. a5
bxa5 42. Qxa5 Rh3 (42... Qf4) 43. Qa3 Rxg3 44. Rxg3 Qf4 (44... Rb8) 45. Qe3
Qxe3+ 46. Nxe3 Rh4 47. Ng2 Rh8 48. Ne3 Rh4 (48... Ra8 49. Nxg4 Ra2 50. Nxe5
Nxe5 51. Nf3 (51. Rg7+ $4 Kf8 52. Rg2 Rxd2 $19) 51... Nxc4 $11) 49. Ng2 Rh8 50.
Ne3 1/2-1/2

[Event "Ciocaltea Memorial"]
[Site "Bucharest"]
[Date "2000.03.10"]
[Round "7"]
[White "Motylev, Alexander"]
[Black "Sofronie, Iulian"]
[Result "1-0"]
[WhiteElo "2552"]
[BlackElo "2378"]
[Annotator "Mikhalevski,V"]
[PlyCount "80"]
[EventDate "2000.03.13"]
[EventType "tourn"]
[EventRounds "13"]
[EventCountry "ROU"]
[EventCategory "10"]
[SourceTitle "CBM 077"]
[Source "ChessBase"]
[SourceDate "2000.07.27"]
[SourceVersion "1"]
[SourceVersionDate "2000.07.27"]
[SourceQuality "1"]

1. e4 e5 2. Nf3 Nc6 3. d4 exd4 4. Nxd4 Nf6 5. Nxc6 bxc6 6. e5 Qe7 7. Qe2 Nd5 8.
c4 Nb6 9. Nc3 Qe6 10. Qe4 Ba6 11. b3 Bb4 ({Recently Black started to deviate
from the endgame which arises after 11...Bb4.Here are two fresh examples:} 
11... O-O-O $5 $146 12. Bb2 (12. c5 $6 Bxf1 13. cxb6 d5 $1 14. exd6 Qxe4+ 15.
Nxe4 Bxg2 16. bxa7 Kb7 17. Nc5+ Ka8 $1 18. Rg1 Bd5 19. Be3 Bxd6 $15 {0-1 Van
der Wiel,J-Van den Doel,E/Rotterdam NED 2000/CBM77[Mikhalevski,V] (37)}) 12...
Bb7 13. O-O-O Re8 14. f4 d5 15. cxd5 cxd5 16. Qc2 Kb8 17. Kb1 g6 18. Be2 c5 19.
Bf3 Be7 20. g4 d4 21. Bxb7 Kxb7 22. Ne4 Rc8 23. Qg2 Kb8 24. Rhe1 h5 25. g5 Rhd8
26. Qf3 Qf5 27. Ka1 Nd5 28. Nd6 Rxd6 $6 (28... Bxd6 $142 {Mikhalevski,V} 29.
Qxd5 Be7 30. Qe4 Qxe4 31. Rxe4 $11 {and an arisen endgame is about equal.}) 29.
exd6 Bxd6 30. Re4 Qg4 $2 31. Qf1 $16 {1-0 Kasparov,G-Adams,M/KasparovGP2000/
CBM76[Mikhalevski,V] (77)}) 12. Bd2 Bxc3 13. Bxc3 d5 14. Qh4 $1 {Important
Kasparov's improvement over Ponomarev's 14.Qf3.} dxc4 15. Be2 Nd5 (15... O-O
$146 {This is another attempt to deviate from the above-mentioned endgame.
However it doesn't bring full equalization.} 16. O-O Nd5 17. Bxc4 Bxc4 18. Qxc4
$14 a5 {1/2-1/2 Mikhalchishin,A-Onischuk,A/Batumi GEO 1999/CBM74[Mikhalevski,V]
(55)} (18... Rfe8 19. Bb2 {1/2-1/2 Marusenko,P-Law,A/Birmingham ENG 2000/The
Week in Chess 273 (31)})) 16. Bxc4 $1 (16. Bd4 $6 Qf5 $1 $146 (16... c5 $6 {
Kasparov-Adams,Sarajevo1999CBM71[Mikhalevski,V]}) 17. O-O Nf4 18. Bf3 O-O {
Morozevich,A-Piket,J/KasparovGP2000(blitz)/CBM76[Mikhalevski,V]}) 16... g5 (
16... Bxc4 17. Qxc4 O-O 18. O-O {transposes to 15...0-0.}) 17. Qd4 ({Despite
in according to Fritz6} 17. Bxd5 Qxd5 18. Qxg5 {[%csl Re1] allows White to
obtain edge I wouldn't recommend it as white king is an a serious danger.})
17... Bxc4 18. Qxc4 Nf4 19. Qxe6+ Nxe6 20. O-O-O $14 {[%mdl 4096] Despite a
reduced material White still has better prospects in the endgame thanks to the
better pawn structure(weaknesses on the queen side).Now White's plan is an
attack of a weak pawns of the queen side by means of Rhe1-e4-c4(a4).} Ke7 21.
Rhe1 Rhd8 22. Rxd8 Rxd8 23. Re4 c5 {An attempt to improve Timman's play
doesn't seem to change an evaluation.White has a stable advantage.} (23... Rd5
24. Kc2 c5 25. Ra4 Nd4+ 26. Bxd4 cxd4 27. Rxa7 Kd7 28. Kd3 Rxe5 29. Ra4 c5 30.
b4 Ke6 31. Ra6+ Kf5 32. b5 Rd5 33. Rc6 c4+ 34. Kxc4 d3 35. Kxd5 d2 36. g4+ $1 {
1-0 Kasparov,G-Timman,J/Wijk aan Zee NED 2000/CBM75[Mikhalevski,V] (36)}) 24.
Ra4 Ra8 25. g3 {[%cal Gf2f4,Gc1d2,Gd2e3] Denying access of black knight to the
f4-square and preparing advance of the f-pawn to f4 after preliminary Kd2-e3.}
Kd7 26. Kd2 Kc6 27. Ke3 Kd5 28. f4 $16 h6 29. f5 $6 {This inaccurate move
allows to create counterplay.} (29. Ra5 $5) 29... Nd8 $1 {[%csl Re5][%cal
Gd8c6]} (29... Nd4 30. Bxd4 cxd4+ 31. Rxd4+ Kxe5 32. Rd7 f6 (32... Kxf5 $5 33.
Rxf7+ Kg4 34. Rxc7 $16) 33. g4 h5 34. Re7+ Kd5 35. gxh5 Rh8 36. Kf3 $1 Rxh5 37.
Kg3 $16) 30. Re4 Nc6 31. e6 (31. g4 Re8 32. e6 fxe6 33. Bg7 Re7 $1 34. f6 Rf7
35. Bxh6 Rh7 36. f7 Rxf7 37. Bxg5 Ne5 38. Rf4) 31... fxe6 (31... Re8 32. exf7
$1 Rxe4+ $140 $2 (32... Rf8 $142 33. g4 $16) 33. Kf2 $18) 32. Rxe6 (32. fxe6
Re8) 32... Nd4 33. Rf6 (33. Bxd4 cxd4+ 34. Kd3 Rf8 35. g4 h5 36. h3 hxg4 37.
hxg4 Rh8 $132) 33... a5 $1 {[%cal Ga5a4] Now suddenly Black creates
counterplay.} (33... Re8+ 34. Kd3 g4 35. Rf7 $16) 34. Kd3 (34. g4 a4 35. Rxh6
axb3 36. axb3 Ra3 37. Rh7 Rxb3 38. Kd2 Nf3+ 39. Kc2 Kc4 $132) 34... a4 35. Rxh6
axb3 36. axb3 Ra2 $6 ({After simple} 36... Nxb3 $5 {I don't see how White can
win.} 37. f6 (37. Rh8 Rxh8 38. Bxh8 Nd4 39. Bxd4 cxd4 $11) (37. Rh5 c4+ 38. Kc2
Nc5 $1 {[%cal Gc5e4]} 39. f6 (39. Rxg5 $2 Ne4 {[%cal Ga8a2]}) 39... Ne4 40. Bb2
Ke6 $11) 37... Nd4 38. f7 c4+ 39. Kd2 Rf8 40. Rf6 c5 $11 {[%csl Rf7][%cal
Gd5e5,Ge5e6]}) 37. Rh8 Nxb3 $2 {Decisive blunder.} ({Necessary was} 37... Nxf5
{and Black's chances to escape are not less than White's to win.} 38. Rh5 Ke6
39. g4 Nd4 40. Bxd4 (40. Rxg5 Rxh2 41. Bxd4 $5 (41. b4 Rh3+ 42. Kc4 Nc2 $1 43.
bxc5 Na3+ 44. Kb4 Nc2+ 45. Kb3 Ne3 {[%cal Ge3d1]} 46. Ka4 Nxg4 47. Ba5 $14 {/=}
) 41... cxd4 42. Kxd4) 40... cxd4 41. Kxd4 $16) 38. Rd8+ Kc6 39. f6 $18 {
Now the f-pawn is unstopable.} g4 ({More stubborn was} 39... Rf2 {but after}
40. Ke3 {Black loses at least his knight.} (40. Kc4 $5 Nd4 41. Rd5 $1) 40...
Rf1 (40... Rf5 41. g4 Rf1 42. Ke2 Rf4 43. Be5 Nc1+ {see 40...Rf1}) 41. Ke2 Rf5
42. g4 Rf4 (42... Nc1+ 43. Kd2 Rf1 44. f7 Nb3+ 45. Kc2 $18) 43. Be5 Nc1+ 44.
Kd2 Rf1 45. f7 Nb3+ 46. Kc2 Rxf7 47. Kxb3 $18) 40. Ke3 ({Simplier is} 40. f7
Nc1+ 41. Ke4 Re2+ 42. Kf5 Rf2+ 43. Kg6 $18) 40... Nd4 (40... Nc1 {[%cal Ga2e2,
Ge2f2]} 41. Bd2 Ra3+ 42. Ke4 Nb3 (42... Rf3 43. Bf4 $18 {[%cal Gf6f7]}) 43. Be3
$18 {[%cal Gf6f7]}) (40... Nd4 41. f7 Ne6 (41... Re2+ 42. Kd3 Rf2 43. f8=Q $18)
42. Re8 $18) 1-0